000 00476nam a22001817a 4500
003 CEME
005 20210628203808.0
008 210317b xxu||||| |||| 00| 0 eng d
020 _a0-89006-414-8
040 _c.
082 _a621.38133 LAV'M
100 _aLaverghetta, Thomas
_967338
245 _aMicrowave materials and fabrication techniques
260 _aBOSTON
_bARTECH
_c1991
300 _a284P
650 _aMICROWAVE CIRCUITS MATERIALS
_967339
942 _cBK
_2ddc
999 _c575144
_d575144